Mancomunitats i consorcis per a la gestió dels residus sòlids urbans a la província de Barcelona
Descripción Física:
[49] f. : gràf., map., taules ; 30 cm
Colección:
Documents de medi ambient
MARC
| LEADER | 00000nam a2200000Ia 4500 | ||
|---|---|---|---|
| 001 | 24299 | ||
| 008 | 160829s1993 xx 000 0 cat d | ||
| 080 | |a FU-65-11 | ||
| 100 | |a Mallén Gutiérrez, Maria del Carmen |9 49734 | ||
| 245 | |a Mancomunitats i consorcis per a la gestió dels residus sòlids urbans a la província de Barcelona | ||
| 260 | |a [Barcelona] : |b Diputació de Barcelona. Servei del Medi Ambient, |c 1993 | ||
| 300 | |a [49] f. : |b gràf., map., taules ; |c 30 cm | ||
| 490 | |a Documents de medi ambient | ||
| 590 | |a A la portada: Núm. 006; àmbit: recursos naturals | ||
| 650 | |a Residus |x Eliminació |x Barcelona (Província) |9 49434 | ||
| 710 | 1 | |a Barcelona (Catalunya : Província). |b Servei de Medi Ambient |9 53475 | |
| 901 | |a Arxiu | ||
| 942 | |n 1 | ||
| 952 | |0 0 |1 0 |4 0 |6 FU6511 |7 1 |9 55796 |a Arxiu |b Arxiu |d 2016-12-01 |l 0 |o FU-65-11 |p 24299 |r 2016-12-01 00:00:00 |w 2016-12-01 |y ARXIU | ||
| 999 | |c 59669 |d 59669 | ||